Clash royale 7 elixir and above cards - Statistics

General Stats
  • This quiz has been taken 93 times
  • The average score is 7 of 10
Answer Stats
Hint Answer % Correct
Sneaky Golem
97%
Troop Three musketeers
95%
Troop PEKKA
92%
Troop Mega knight
88%
Troop Electro giant
67%
Troop Lava hound
67%
Troop Royal recruits
64%
Evo Evo PEKKA
48%
Evo Evo mega knight
45%
Evo Evo royal recruits
36%
No matching quizzes found
Score Distribution
Percent of People with Each Score
Percentile by Number Answered
Your Score History
You have not taken this quiz